[Event "Manavgat Turkey Cup"]
[Site "Manavgat"]
[Date "2016.02.04"]
[Round "8"]
[White "Senturk, Onur"]
[Black "Ozenc, Bugrahan Hamza"]
[Result "1-0"]
[WhiteElo "1809"]
[BlackElo "1491"]
[PlyCount "191"]
[EventDate "2016.01.30"]
[EventType "swiss"]
[EventRounds "11"]
[EventCountry "TUR"]
[SourceTitle "CBM 170 Extra"]
[Source "ChessBase"]
[SourceDate "2016.02.25"]
[SourceVersion "1"]
[SourceVersionDate "2016.02.25"]
[SourceQuality "1"]

1. e4 c6 2. d4 d5 3. Nc3 dxe4 4. Nxe4 Bf5 5. Ng3 Bg6 6. h4 h6 7. h5 Bh7 8. Nf3 Nd7 9. Bd3 Bxd3 10. Qxd3 e6 11. Bd2 Ngf6 12. 0-0-0 Be7 13. Ne4 Qb6 14. Nxf6+ Bxf6 15. Rhe1 Rd8 16. Bc3 Nb8 17. Kb1 0-0 18. Ne5 Bxe5 19. Rxe5 Rd5 20. Rxd5 cxd5 21. g4 f5 22. g5 hxg5 23. Qg3 Qd8 24. Bd2 f4 25. Qg4 Qf6 26. Rg1 Nc6 27. Bc3 Kh7 28. b4 Qe7 29. b5 Nb8 30. Qxg5 Qxg5 31. Rxg5 Nd7 32. Bd2 Nb6 33. Kb2 Nc4+ 34. Kc3 Nxd2 35. Kxd2 f3 36. Ke3 Rc8 37. Kd3 a6 38. a4 Rc4 39. Rg6 Rxa4 40. Rxe6 axb5 41. Rd6 Ra3+ 42. Kd2 b4 43. Rxd5 b3 44. c4 Ra2+ 45. Ke3 Rc2 46. Rb5 Rxc4 47. Rxb3 Rc7 48. Kxf3 Kh6 49. Rb5 Re7 50. Rf5 g6 51. hxg6 Kxg6 52. Rb5 Kf6 53. Kf4 Rc7 54. Rb6+ Ke7 55. Ke5 Kd7 56. Rd6+ Ke7 57. f4 Rc2 58. Rb6 Re2+ 59. Kf5 Rd2 60. Rxb7+ Kd6 61. Rb8 Ke7 62. Rb4 Re2 63. d5 Kd6 64. Re4 Rg2 65. Re5 Rd2 66. Kg6 Rg2+ 67. Kf6 Rh2 68. Kf5 Rh5+ 69. Ke4 Rh6 70. Rg5 Rf6 71. f5 Rf7 72. Rg6+ Kd7 73. Ke5 Re7+ 74. Re6 Rf7 75. Ra6 Re7+ 76. Re6 Rf7 77. d6 Rh7 78. Rg6 Rh1 79. Rg7+ Kd8 80. d7 Rd1 81. Ke6 Rd6+ 82. Ke5 Rd1 83. Kf6 Rf1 84. Kg6 Rg1+ 85. Kf6 Rf1 86. Rh7 Rg1 87. Rf7 Rg2 88. Ke5 Re2+ 89. Kf4 Re1 90. f6 Rf1+ 91. Kg5 Rg1+ 92. Kh6 Rd1 93. Kh7 Rg1 94. Rg7 Rf1 95. f7 Rf6 96. Kg8 1-0

[Event "Manavgat Turkey Cup"]
[Site "Manavgat"]
[Date "2016.02.01"]
[Round "4"]
[White "Senturk, Onur"]
[Black "Ozgen, Tolga"]
[Result "1-0"]
[WhiteElo "1809"]
[BlackElo "1614"]
[PlyCount "89"]
[EventDate "2016.01.30"]
[EventType "swiss"]
[EventRounds "11"]
[EventCountry "TUR"]
[SourceTitle "CBM 170 Extra"]
[Source "ChessBase"]
[SourceDate "2016.02.25"]
[SourceVersion "1"]
[SourceVersionDate "2016.02.25"]
[SourceQuality "1"]

1. e4 d6 2. d4 Nf6 3. Nc3 g6 4. f3 Bg7 5. Be3 0-0 6. Qd2 e5 7. Nge2 Nc6 8. 0-0-0 exd4 9. Nxd4 Nxd4 10. Bxd4 Be6 11. h4 h5 12. Be2 Qe7 13. Rdg1 c5 14. Be3 a6 15. g4 b5 16. Bg5 b4 17. Nd5 Bxd5 18. exd5 Qe5 19. Bf4 Qxd5 20. Qxd5 Nxd5 21. Bxd6 Rfe8 22. Bd3 Bd4 23. gxh5 Bxg1 24. Rxg1 Rad8 25. Bxc5 Nf4 26. Bxa6 Re6 27. Bc4 Rc8 28. Bxe6 Rxc5 29. Bxf7+ Kxf7 30. hxg6+ Nxg6 31. Rg4 Rb5 32. Rg5 Rb6 33. h5 Ne7 34. Kd2 Rf6 35. Rb5 Nc6 36. Ke3 Rxf3+ 37. Kxf3 Nd4+ 38. Ke4 Nxb5 39. Kd5 Kg7 40. Kc5 b3 41. cxb3 Nc7 42. a4 Kh6 43. b4 Kxh5 44. b5 Kg6 45. Kc6 1-0

[Event "Manavgat Turkey Cup"]
[Site "Manavgat"]
[Date "2015.02.03"]
[Round "5"]
[White "Senturk, Onur"]
[Black "Sertbay, Huseyin"]
[Result "1-0"]
[WhiteElo "1801"]
[BlackElo "2030"]
[PlyCount "66"]
[EventDate "2015.01.31"]
[EventType "swiss"]
[EventRounds "11"]
[EventCountry "TUR"]
[SourceTitle "CBM 164 Extra"]
[Source "ChessBase"]
[SourceDate "2015.03.02"]
[SourceVersion "1"]
[SourceVersionDate "2015.03.02"]
[SourceQuality "1"]

1. e4 e5 2. Nc3 Nf6 3. g3 Bc5 4. Bg2 c6 5. Nf3 d6 6. 0-0 0-0 7. h3 a5 8. d3 Na6 9. Kh2 Nc7 10. Be3 Bxe3 11. fxe3 Nfe8 12. Nh4 g6 13. d4 Ng7 14. Qd2 Qg5 15. Rad1 Nh5 16. Qf2 Ne8 17. Nf3 Qe7 18. g4 Nhf6 19. Qh4 Kg7 20. dxe5 dxe5 21. Qg5 Qb4 22. Qxe5 Kg8 23. Ne1 Bxg4 24. Nd3 Qb6 25. Rd2 Nd7 26. Qf4 Be6 27. e5 Ng7 28. Ne4 Nh5 29. Qh6 f6 30. Rdf2 Qc7 31. Kg1 Nxe5 32. Nxf6+ Rxf6 33. Rxf6 Nxd3 1-0

[Event "Manavgat Turkey Cup"]
[Site "Manavgat"]
[Date "2015.02.01"]
[Round "3"]
[White "Senturk, Onur"]
[Black "Soyek, Ramazan"]
[Result "0-1"]
[WhiteElo "1801"]
[BlackElo "1996"]
[PlyCount "190"]
[EventDate "2015.01.31"]
[EventType "swiss"]
[EventRounds "11"]
[EventCountry "TUR"]
[SourceTitle "CBM 164 Extra"]
[Source "ChessBase"]
[SourceDate "2015.03.02"]
[SourceVersion "1"]
[SourceVersionDate "2015.03.02"]
[SourceQuality "1"]

1. e4 c5 2. Nf3 Nc6 3. b3 Nf6 4. e5 Ng4 5. Bb2 Qc7 6. Qe2 b6 7. h3 Nh6 8. Nc3 Bb7 9. d4 0-0-0 10. d5 Nb4 11. Nb5 Qb8 12. c4 e6 13. a3 Na6 14. d6 Qa8 15. 0-0-0 g6 16. Nd2 Nf5 17. Rg1 h5 18. Bc3 Bh6 19. Kb2 h4 20. Qg4 Rdg8 21. Bd3 Bc6 22. Ne4 Qb7 23. Ng5 Rf8 24. Ne4 Kb8 25. Nf6 Kc8 26. Be4 Nb8 27. a4 Bg7 28. Rge1 Bxf6 29. exf6 a6 30. Na3 Bxe4 31. Rxe4 Nc6 32. Nc2 Rh5 33. Qf4 Rfh8 34. Qg4 Qb8 35. Re2 Qb7 36. Qe4 Rg5 37. Bd2 Rgh5 38. Bc3 R8h7 39. Qf3 R7h6 40. Qg4 Rh8 41. Re4 Qb8 42. Re2 Qb7 43. Re4 Kb8 44. Qf4 Ka8 45. Qg4 Qb8 46. Qf4 Rg8 47. Re2 Qb7 48. Qg4 Kb8 49. Re4 Kc8 50. Re2 Rgh8 51. Re4 R8h6 52. Bd2 Rh8 53. Bc3 Nh6 54. Qf3 Rf5 55. Qe2 Rh5 56. Qf3 Nf5 57. Qg4 Na5 58. Ne1 Nc6 59. Nc2 Na5 60. Ne1 Nc6 61. Nc2 Kd8 62. Re2 Kc8 63. Re4 Re8 64. Re2 Kb8 65. Re4 Rc8 66. Re2 Ka8 67. Re4 Na5 68. Re2 Qc6 69. Ne1 Qb7 70. Nc2 Rc6 71. Qf4 Qb8 72. Red2 Nb7 73. Be5 Qf8 74. Ne3 Qh6 75. Ng4 Qf8 76. Ne3 Nxe3 77. Qxe3 Qh6 78. f4 a5 79. Qe4 Nd8 80. Re2 Ka7 81. Rde1 Rc8 82. Rf1 Nc6 83. Rf3 Rf5 84. Qc2 Qh5 85. Rfe3 Rg8 86. Bc3 Rxf4 87. Re4 Rf1 88. Rg4 Rh8 89. Ree4 g5 90. Qd2 Rf5 91. Qe3 Rh6 92. Be1 Qg6 93. Bc3 Ka6 94. Qd2 e5 95. Qd5 Qxf6 0-1

[Event "Istanbul op-B"]
[Site "Istanbul"]
[Date "2014.09.07"]
[Round "9"]
[White "Senturk, Onur"]
[Black "Atas, Yunus"]
[Result "0-1"]
[WhiteElo "1800"]
[BlackElo "1637"]
[PlyCount "112"]
[EventDate "2014.09.01"]
[EventType "swiss"]
[EventRounds "9"]
[EventCountry "TUR"]
[SourceTitle "EXT 2016"]
[Source "ChessBase"]
[SourceDate "2015.10.08"]
[SourceVersion "1"]
[SourceVersionDate "2015.10.08"]
[SourceQuality "1"]

1. e4 c5 2. Ne2 Nc6 3. c4 d6 4. d4 cxd4 5. Nxd4 Nf6 6. Nc3 Bd7 7. Nc2 g6 8. Be2 Bg7 9. 0-0 0-0 10. Be3 Ne5 11. f3 a6 12. Qd2 Rc8 13. Na3 Kh8 14. b4 Be6 15. Nd5 Nxd5 16. cxd5 Bd7 17. Rac1 b5 18. h3 f5 19. Rxc8 Qxc8 20. Rc1 Qb7 21. Nc2 Rc8 22. Nd4 Bf6 23. a3 Rxc1+ 24. Qxc1 Qc8 25. Qxc8+ Bxc8 26. Nc2 Kg7 27. Kf2 e6 28. dxe6 Bxe6 29. exf5 Bxf5 30. Nd4 Bd7 31. Ke1 d5 32. Nb3 Nc4 33. Bc1 Bc3+ 34. Kd1 Kf6 35. Nc5 Bc8 36. Bxc4 bxc4 37. Kc2 Bd4 38. g4 Bxc5 39. bxc5 d4 40. c6 Ke5 41. Bg5 Kd5 42. Bf6 h5 43. Bg7 hxg4 44. hxg4 Kc5 45. Bf6 a5 46. Be5 Ba6 47. Bf6 a4 48. Be5 c3 49. c7 Kc4 50. f4 d3+ 51. Kc1 Bc8 52. f5 gxf5 53. gxf5 Bxf5 54. Bf4 Kb3 55. Be5 d2+ 56. Kd1 Bg4# 0-1

[Event "Istanbul op-B"]
[Site "Istanbul"]
[Date "2014.09.03"]
[Round "4"]
[White "Haznedaroglu, Hacer"]
[Black "Senturk, Onur"]
[Result "0-1"]
[WhiteElo "1766"]
[BlackElo "1800"]
[PlyCount "56"]
[EventDate "2014.09.01"]
[EventType "swiss"]
[EventRounds "9"]
[EventCountry "TUR"]
[SourceTitle "EXT 2016"]
[Source "ChessBase"]
[SourceDate "2015.10.08"]
[SourceVersion "1"]
[SourceVersionDate "2015.10.08"]
[SourceQuality "1"]

1. d4 f5 2. g3 Nf6 3. Bg2 g6 4. c4 Bg7 5. Nf3 0-0 6. 0-0 c5 7. e3 Na6 8. Nbd2 d6 9. d5 Bd7 10. Rb1 Nc7 11. Ng5 Rb8 12. b3 b5 13. Bb2 Qe8 14. e4 h6 15. e5 hxg5 16. exf6 Bxf6 17. Re1 Qf7 18. Re2 b4 19. Qe1 Rfe8 20. g4 Qg7 21. Nf1 f4 22. h3 Kh7 23. Ba1 e6 24. dxe6 Nxe6 25. Nd2 Bxa1 26. Rxa1 Nd4 27. Ne4 Nxe2+ 28. Qxe2 Qxa1+ 0-1

[Event "Kemer Turkey Cup"]
[Site "Kemer"]
[Date "2014.02.04"]
[Round "5"]
[White "Temizkan, Denizcan"]
[Black "Senturk, Onur"]
[Result "1-0"]
[WhiteElo "2025"]
[BlackElo "1844"]
[PlyCount "73"]
[EventDate "2014.02.01"]
[EventType "swiss"]
[EventRounds "9"]
[EventCountry "TUR"]
[SourceTitle "CBM 158 Extra"]
[Source "ChessBase"]
[SourceDate "2014.02.28"]
[SourceVersion "1"]
[SourceVersionDate "2014.02.28"]
[SourceQuality "1"]

1. d4 f5 2. Bg5 Nf6 3. Bxf6 exf6 4. e3 d5 5. c4 Nc6 6. Nc3 Bb4 7. Qb3 dxc4 8. Qxc4 Qe7 9. a3 Bd6 10. Nf3 Nd8 11. Bd3 Qf7 12. Qa4+ Bd7 13. Qc2 g6 14. h4 Nc6 15. h5 0-0 16. hxg6 hxg6 17. g4 Ne7 18. gxf5 Bxf5 19. Bxf5 Nxf5 20. 0-0-0 Kg7 21. Rdg1 Ne7 22. Rg2 Rh8 23. Rhg1 Rh6 24. d5 Rah8 25. Nd4 Nxd5 26. Nxd5 Qxd5 27. Nf5+ Kf7 28. Nxh6+ Rxh6 29. Rxg6 Rh4 30. Rg7+ Ke6 31. R7g4 Rxg4 32. Rxg4 Qh1+ 33. Kd2 Be5 34. Qc4+ Kf5 35. Qg8 Bxb2 36. e4+ Ke5 37. Qd5# 1-0

[Event "Kemer Turkey Cup"]
[Site "Kemer"]
[Date "2014.02.01"]
[Round "1"]
[White "Senturk, Onur"]
[Black "Polatel, Levent"]
[Result "1-0"]
[WhiteElo "1844"]
[BlackElo "2059"]
[PlyCount "113"]
[EventDate "2014.02.01"]
[EventType "swiss"]
[EventRounds "9"]
[EventCountry "TUR"]
[SourceTitle "CBM 158 Extra"]
[Source "ChessBase"]
[SourceDate "2014.02.28"]
[SourceVersion "1"]
[SourceVersionDate "2014.02.28"]
[SourceQuality "1"]

1. e4 e6 2. d4 d5 3. Nd2 Nf6 4. e5 Nfd7 5. Ngf3 c5 6. c3 Nc6 7. Bd3 cxd4 8. cxd4 Qb6 9. 0-0 Be7 10. Nb3 a5 11. a4 f6 12. exf6 Nxf6 13. Ne5 0-0 14. Bg5 Qc7 15. Rc1 Bd6 16. Re1 h6 17. Bh4 g5 18. Bg3 Bxe5 19. dxe5 Ne8 20. Nd4 Ng7 21. Qc2 Nh5 22. Bb5 Nxg3 23. hxg3 Qf7 24. Nxc6 bxc6 25. Bxc6 Rb8 26. Bb5 Bb7 27. Qd2 Rbd8 28. Qd4 Qg7 29. Re3 g4 30. Rec3 Rf7 31. Re1 Rdf8 32. Rc2 h5 33. b4 axb4 34. Qxb4 Qh7 35. Ra2 d4 36. Qxd4 h4 37. Qxg4+ Rg7 38. Qxe6+ Kh8 39. Qh3 Qg8 40. Qxh4+ Rh7 41. Qc4 Bd5 42. Qd4 Bxa2 43. e6+ Rg7 44. e7 Re8 45. Bxe8 Qxe8 46. Qd8 Bf7 47. a5 Rg6 48. Qd4+ Kg8 49. Re4 Qc6 50. Rh4 Rg7 51. a6 Be8 52. a7 Rxe7 53. Rh8+ Kf7 54. Rh7+ Kg6 55. Rxe7 Qc1+ 56. Kh2 Qh6+ 57. Qh4 1-0